Statistics for History Groups of Four

Click here to take the quiz!

General Stats

  • This quiz has been taken 168 times
  • The average score is 26 of 36

Answer Stats

GroupAnswer% Correct
Central Powers of WWIGermany
99%
Assassinated U.S. presidentsJohn F. Kennedy
98%
Assassinated U.S. presidentsAbraham Lincoln
96%
Names of female
English monarchs
Elizabeth
96%
Major religions of Indian originHinduism
96%
First four Roman emperorsAugustus
91%
Major religions of Indian originBuddhism
87%
Great inventions of ancient ChinaGunpowder
87%
Names of female
English monarchs
Victoria
87%
Names of female
English monarchs
Mary
86%
Central Powers of WWIAustria-Hungary
84%
Great inventions of ancient ChinaPaper
83%
Names of female
English monarchs
Anne
78%
Arab Spring countries with
regime changes
Egypt
78%
River valleys with a
civilization in 3000 B.C.
Nile
75%
The four EvangelistsJohn
72%
Arab Spring countries with
regime changes
Libya
72%
River valleys with a
civilization in 3000 B.C.
Tigris | Euphrates
70%
The four EvangelistsLuke
68%
Assassinated U.S. presidentsWilliam McKinley
67%
Central Powers of WWIOttoman Empire
65%
Arab Spring countries with
regime changes
Tunisia
65%
The four EvangelistsMatthew
63%
Major religions of Indian originSikhism
63%
Assassinated U.S. presidentsJames Garfield
62%
The four EvangelistsMark
62%
River valleys with a
civilization in 3000 B.C.
Indus
61%
First four Roman emperorsCaligula
59%
Great inventions of ancient ChinaPrinting
57%
River valleys with a
civilization in 3000 B.C.
Yellow
54%
Great inventions of ancient ChinaCompass
53%
Central Powers of WWIBulgaria
51%
Major religions of Indian originJainism
46%
Arab Spring countries with
regime changes
Yemen
46%
First four Roman emperorsTiberius
44%
First four Roman emperorsClaudius
41%

Score Distribution

Percentile by Number Answered

Percent of People with Each Score

Your Score History

You have not taken this quiz